<?xml version="1.0" encoding="UTF-8"?>
<record
    xmlns:xsi="http://www.w3.org/2001/XMLSchema-instance"
    xsi:schemaLocation="http://www.loc.gov/MARC21/slim http://www.loc.gov/standards/marcxml/schema/MARC21slim.xsd"
    xmlns="http://www.loc.gov/MARC21/slim">

  <leader>01949nam a2200265Ia 4500</leader>
  <datafield tag="952" ind1=" " ind2=" ">
    <subfield code="0">0</subfield>
    <subfield code="1">0</subfield>
    <subfield code="2">lcc</subfield>
    <subfield code="4">0</subfield>
    <subfield code="7">0</subfield>
    <subfield code="a">01</subfield>
    <subfield code="b">01</subfield>
    <subfield code="d">2022-11-17</subfield>
    <subfield code="l">0</subfield>
    <subfield code="o">QA21 B4 1996</subfield>
    <subfield code="p">16 003062</subfield>
    <subfield code="r">2023-07-13</subfield>
    <subfield code="t">1</subfield>
    <subfield code="w">2022-11-17</subfield>
    <subfield code="y">LB</subfield>
  </datafield>
  <datafield tag="999" ind1=" " ind2=" ">
    <subfield code="c">68016</subfield>
    <subfield code="d">68016</subfield>
  </datafield>
  <controlfield tag="005">20231102150942.0</controlfield>
  <controlfield tag="008">120626s1996    mx            000 0 spa d</controlfield>
  <datafield tag="020" ind1=" " ind2=" ">
    <subfield code="a">9681618793</subfield>
  </datafield>
  <datafield tag="050" ind1=" " ind2=" ">
    <subfield code="a">QA21</subfield>
    <subfield code="b">B4 1996</subfield>
  </datafield>
  <datafield tag="100" ind1=" " ind2=" ">
    <subfield code="a">Bell, Eric Temple</subfield>
    <subfield code="d">1883-1960</subfield>
    <subfield code="e">autor</subfield>
  </datafield>
  <datafield tag="240" ind1=" " ind2=" ">
    <subfield code="a">The development of mathematics</subfield>
    <subfield code="l">Espa&#xF1;ol </subfield>
  </datafield>
  <datafield tag="245" ind1=" " ind2=" ">
    <subfield code="a">Historia de las matem&#xE1;ticas</subfield>
    <subfield code="c">/ Eric Temple, Bell; traductor: Ortiz, R. </subfield>
  </datafield>
  <datafield tag="250" ind1=" " ind2=" ">
    <subfield code="a">2a. ed.</subfield>
  </datafield>
  <datafield tag="260" ind1=" " ind2=" ">
    <subfield code="a">M&#xE9;xico</subfield>
    <subfield code="b">: Fondo de Cultura Econ&#xF3;mica</subfield>
    <subfield code="c">, 1996</subfield>
  </datafield>
  <datafield tag="300" ind1=" " ind2=" ">
    <subfield code="a">655 p&#xE1;g.</subfield>
  </datafield>
  <datafield tag="490" ind1=" " ind2=" ">
    <subfield code="a">Secci&#xF3;n de obras de ciencia y tecnolog&#xED;a</subfield>
  </datafield>
  <datafield tag="500" ind1=" " ind2=" ">
    <subfield code="a">T&#xED;tulo original: The development of mathematics
</subfield>
  </datafield>
  <datafield tag="500" ind1=" " ind2=" ">
    <subfield code="a">Incluye: &#xCD;ndice  general, Introducci&#xF3;n, Indice anal&#xED;tico (pp. 625 - 651)</subfield>
  </datafield>
  <datafield tag="504" ind1=" " ind2=" ">
    <subfield code="a">Bibliograf&#xED;a y notas: (pp. 609 - 623)</subfield>
  </datafield>
  <datafield tag="505" ind1=" " ind2=" ">
    <subfield code="a">I. Perspectiva general  
II. La edad del empirismo  
III. Una base firme (Grecia A.C. - 300 D.C.)  
IV. La depresi&#xF3;n europea  
V. El rodeo por la India y Espa&#xF1;a (400 -1300)  
VI. Cuatro siglos de transici&#xF3;n (1202 -1603)  
VII. El comienzo de las matem&#xE1;ticas modernas (1637 - 1687)  
VIII. Ampliaciones del concepto de n&#xFA;mero  
IX. Hacia la estructura matem&#xE1;tica (1801-1910)  
X. La aritm&#xE9;tica generalizada  
XI. Aparici&#xF3;n del an&#xE1;lisis estructural  
XII. Los n&#xFA;meros cardinales y ordinales hasta 1902  
XIII. De la intuici&#xF3;n al rigor absoluto (1700 -1900)  
XIV. La aritm&#xE9;tica racional despu&#xE9;s de Fermat  
XV. Aportaciones de la geometr&#xED;a  
XVI. El impulso de la ciencia  
XVII. De la mec&#xE1;nica a las variables generalizadas  
XVIII. De las aplicaciones a las abstracciones  
XIX. Ecuaciones diferenciales y de diferencia  
XX. Invariancia  
XXI. Algunas importantes teor&#xED;as de funciones  
XXII. Por la f&#xED;sica al an&#xE1;lisis general y la abstracci&#xF3;n  
XXIII. Incertidumbre y probabilidad  </subfield>
  </datafield>
  <datafield tag="519" ind1=" " ind2=" ">
    <subfield code="a">Material Complementario</subfield>
    <subfield code="d">16 003062</subfield>
  </datafield>
  <datafield tag="650" ind1="1" ind2="4">
    <subfield code="a">MATEM&#xC1;TICAS</subfield>
    <subfield code="x">HISTORIA</subfield>
  </datafield>
  <datafield tag="700" ind1=" " ind2=" ">
    <subfield code="a">Ortiz, R.</subfield>
    <subfield code="e">traductor</subfield>
  </datafield>
  <datafield tag="942" ind1=" " ind2=" ">
    <subfield code="c">LB</subfield>
    <subfield code="2">lcc</subfield>
  </datafield>
</record>
